000 00661nam a2200193Ii 4500
003 JO-AjNU
008 230605s9999||||xx |||||||||||||| ||und||
040 _aJO-AjNU
_bara
_erda
_cJO-AjNU
041 _aara
050 1 4 _aDS36.62.1992
100 3 _aتاليف عثمان، محمد عبد الستار,
_eauthor
_915646
245 0 0 _aموسوعة الفنون العربية الإسلامية
264 3 1 _aد.م: د.ن، 1992
300 _a406ص
_bصور توضيحية
336 _atext
_btxt
_2rdacontent
337 _aunmediated
_bn
_2rdamedia
338 _avolume
_bnc
_2rdacarrier
650 4 _aالاسلام- فنون- موسوعات عربية
_915647
999 _aA4466
_c8034
_d8034